| 000 -LEADER |
| fixed length control field |
00686nam a2200253 a 4500 |
| 001 - CONTROL NUMBER |
| control field |
010003633 |
| 003 - CONTROL NUMBER IDENTIFIER |
| control field |
UkOxU |
| 005 - DATE AND TIME OF LATEST TRANSACTION |
| control field |
20230913153829.0 |
| 008 - FIXED-LENGTH DATA ELEMENTS--GENERAL INFORMATION |
| fixed length control field |
880406s1987 enka 000 0 eng d |
| 015 ## - NATIONAL BIBLIOGRAPHY NUMBER |
| National bibliography number |
GB-8827735 |
| 020 ## - INTERNATIONAL STANDARD BOOK NUMBER |
| International Standard Book Number |
085676132X |
| 020 ## - INTERNATIONAL STANDARD BOOK NUMBER |
| International Standard Book Number |
9780856761324 |
| 040 ## - CATALOGING SOURCE |
| Transcribing agency |
KH8 |
| 082 ## - DEWEY DECIMAL CLASSIFICATION NUMBER |
| Classification number |
822.914 GOD |
| Edition number |
19 |
| 092 ## - LOCALLY ASSIGNED DEWEY CALL NUMBER (OCLC) |
| Classification number |
D0000013030 |
| 100 1# - MAIN ENTRY--PERSONAL NAME |
| Personal name |
Godber, John, |
| Dates associated with a name |
1956- |
| Relator term |
author. |
| 245 10 - TITLE STATEMENT |
| Title |
Bouncers / |
| Statement of responsibility, etc. |
by John Godber ; Shakers ; by John Godber and Jane Thornton |
| 246 33 - VARYING FORM OF TITLE |
| Title proper/short title |
Shakers |
| 260 ## - PUBLICATION, DISTRIBUTION, ETC. |
| Place of publication, distribution, etc. |
London : |
| Name of publisher, distributor, etc. |
Chappell Plays, |
| Date of publication, distribution, etc. |
1987 |
| 300 ## - PHYSICAL DESCRIPTION |
| Extent |
130 p : |
| Other physical details |
ill ; |
| Dimensions |
20 cm |
| 700 1# - ADDED ENTRY--PERSONAL NAME |
| Personal name |
Godber, John, |
| Dates associated with a name |
1956- |
| Title of a work |
Shakers. |
| 700 1# - ADDED ENTRY--PERSONAL NAME |
| Personal name |
Thornton, Jane. |
| 942 ## - ADDED ENTRY ELEMENTS (KOHA) |
| Source of classification or shelving scheme |
|
| Koha item type |
Teaching Resources |